LEADER 01397nam--2200409---450- 001 990000372620203316 005 20090827132907.0 010 $a881405536X 035 $a0037262 035 $aUSA010037262 035 $a(ALEPH)000037262USA01 035 $a0037262 100 $a20010323d1996----km-y0itay0103----ba 101 $aita 102 $aITA 105 $a||||||||001yy 200 1 $a<> esecuzione civile$erassegna della giurisprudenza$esu tutt la normativa, sostanziale e processuale, con commento$fGianni Bellagamba, Giuseppe Cariti 210 $aMilano$cA. Giuffré$d1996 215 $aXV, 557 p-$d24 cm 300 $aComprese l'esecuzione esattoriale e la fase esecutiva del procedimento di sequestro e del procedimento fallimentare 410 $12001 606 0 $aEsecuzione$xGiurisprudenza 676 $a347.4507702648 700 1$aBELLAGAMBA,$bGianni$0145299 701 1$aCARITI,$bGiuseppe$0145300 801 0$aIT$bsalbc$gISBD 912 $a990000372620203316 951 $aXXVII.1.E 55 (IG IX 323)$b9908 G$cXXVII.1.E 55 (IG IX)$d00238776 959 $aBK 969 $aGIU 979 $aPATTY$b90$c20010323$lUSA01$h1312 979 $aPATRY$b90$c20010327$lUSA01$h1720 979 $c20020403$lUSA01$h1645 979 $aPATRY$b90$c20040406$lUSA01$h1626 979 $aRSIAV2$b90$c20090827$lUSA01$h1329 996 $aEsecuzione civile$9639758 997 $aUNISA